000 00288nam a22001337a 4500
008 170204b xxu||||| |||| 00| 0 eng d
020 _a0931431050
041 _aeng
080 _25th
_a61
100 _a3
101 _aSHM
245 _aMEDICAL ABBREVATIONS
_cDAVIS, N.M
942 _2udc
_cBK
999 _c4604
_d4604